000 nam a22 7a 4500
999 _c153712
_d153710
005 20200120111116.0
008 200120b mx ||||| |||| 00| 0 spa d
050 0 4 _aK644
_bD47 2003
245 0 0 _aDerechos humanos de la mujer
_b: manual básico
_c/ compiladores Manuel Vidaurri Aréchiga, Irene Victoria López
250 _a1a ed.
260 _aLeón, Guanajuato :
_bProcuraduría de los Derechos Humanos del Estado de Guanajuato :
_bInstituto de la Mujer Guanajuatense,
_c2003
300 _a157 p. ;
_c21 cm.
490 0 _aSerie Guanajuato y los derechos humanos
650 7 _2lemb
_aDerechos de la mujer
650 7 _2lemb
_aDerechos humanos
700 1 _aVidaurri Aréchiga, Manuel
_eeditor
700 1 _aVictoria López, Irene
_eeditor
942 _2lcc
_cLIB